| 000 | 00512nam a2200181Ia 4500 | ||
|---|---|---|---|
| 003 | GCL | ||
| 008 | 140319s9999 xx 000 0 eng d | ||
| 040 |
_aGCL / _cGCL |
||
| 082 | 0 | 4 |
_a005.133 _bp p |
| 100 | 1 | _aPALMER, SCATT D. | |
| 245 | 1 | 0 |
_aPROGRAMMING IN BROLAND PASCAL (INCLUDE 1 FLOPPY DISK 3.5) / _cPALMER, SCATT D. |
| 260 |
_a[S.N] : _bSYBEX INC. ، _c1993 |
||
| 300 | _a922 P | ||
| 650 | 0 | 4 | _aDOS DEVICE DRIVERS (COMPUTER PROGRAM ) |
| 650 | 0 | 4 | _aPASCAL |
| 650 | 0 | 4 | _aWINDOWS PROGRAM |
| 942 |
_2ddc _cBK |
||
| 999 |
_c10536 _d10536 |
||